书目信息 |
| 题名: |
四体大字典
|
|
| 作者: | 陈和祥 著 | |
| 分册: | 第二册 | |
| 出版信息: | 北京 北京市中国书店 1980 |
|
| 页数: | 439-906页 | |
| 开本: | 21cm | |
| 丛书名: | ||
| 单 册: | ||
| 中图分类: | J292.3-61 | |
| 科图分类: | ||
| 主题词: | 法帖--中国--现代 | |
| 电子资源: | ||
| ISBN: | ||
| 000 | 00593nam0 2200217 45 | |
| 001 | 0180007126 | |
| 005 | 20060629152735.07 | |
| 010 | @dCNY2.25 | |
| 100 | @a19950622d1980 em y0chiy0121 ea | |
| 101 | 0 | @achi |
| 102 | @aCN@b110000 | |
| 105 | @ay e 000yy | |
| 200 | 10 | @a四体大字典@Asi ti da zi dian@h第二册@f陈和祥著@Fchen he xiang zhu |
| 210 | @a北京@c北京市中国书店@d1980 | |
| 215 | @a439-906页@d21cm | |
| 606 | @a法帖@y中国@z现代 | |
| 690 | @aJ292.3-61@v3 | |
| 701 | 0 | @a陈和祥@Achen he xiang@4著 |
| 801 | 2 | @aCN@bNLC@c20060629 |
| 801 | 0 | @aCN@bTSSF |
| 905 | @a10447@dJ292.3-61@e335:2 | |
| 四体大字典.第二册/陈和祥著.-北京:北京市中国书店,1980 |
| 439-906页;21cm |
| ISBN :CNY2.25 |
| ● |
| 相关链接 |
|
|
|
|
正题名:四体大字典
索取号:J292.3-61/335:2
 
预约/预借
| 序号 | 登录号 | 条形码 | 馆藏地/架位号 | 状态 | 备注 |
| 1 | 0421213 | 204212137 | 密集书库/ [索取号:J292.3-61/335:2] | 在馆 | |
| 2 | 0421214 | 204212146 | 密集书库/ [索取号:J292.3-61/335:2] | 在馆 | |
| 3 | 0421215 | 204212155 | 密集书库/ [索取号:J292.3-61/335:2] | 在馆 |